[Event "44º Torneo Internacional de Ajedrez de La Roda"]
[Site "La Roda (Albacete) - ESPAÑA"]
[Date "2017.04.16"]
[Round "8"]
[Board "20"]
[White "Alonso Garcia, Aaron"]
[Black "Chueca Forcen, Alberto"]
[Result "0-1"]
[WhiteElo "2119"]
[BlackElo "2356"]
[PlyCount "84"]
[EventDate "2017.04.12"]
[EventRounds "9"]
[EventCountry "ESP"]

1. e4 e5 2. Nf3 Nc6 3. Bc4 Bc5 4. c3 Bb6 5. O-O Nf6 6. d3 h6 7. Nbd2 O-O 8. Bb3
d6 9. Nc4 Be6 10. Nxb6 axb6 11. c4 Nd7 12. Be3 Bg4 13. h3 Bh5 14. g4 Bg6 15.
Kg2 Nc5 16. Bc2 Qe7 17. Qd2 Ne6 18. Ng1 Ncd4 19. Bd1 b5 20. cxb5 Nxb5 21. Ne2
c6 22. Ng3 d5 23. Nf5 Qf6 24. h4 Bxf5 25. gxf5 d4 26. fxe6 dxe3 27. exf7+ Rxf7
28. Qxe3 Nd4 29. Qg3 Kh8 30. Bh5 Rff8 31. Bg4 Rad8 32. Rac1 g6 33. Rfe1 h5 34.
Bd1 Ne6 35. Re3 Nf4+ 36. Kh2 Rxd3 37. Bf3 Rd2 38. Ra1 Rxb2 39. Rb3 Rxb3 40.
axb3 Ne6 41. Ra3 Nd4 42. Bg2 Ne2 0-1

[Event "44º Torneo Internacional de Ajedrez de La Roda"]
[Site "La Roda (Albacete) - ESPAÑA"]
[Date "2017.04.16"]
[Round "9"]
[Board "1"]
[White "Peralta, Fernando"]
[Black "Guerra Mendez, Jose Angel"]
[Result "1/2-1/2"]
[WhiteElo "2565"]
[BlackElo "2542"]
[PlyCount "49"]
[EventDate "2017.04.12"]
[EventRounds "9"]
[EventCountry "ESP"]

1. d4 Nf6 2. c4 e6 3. Nc3 Bb4 4. e3 O-O 5. Bd3 c5 6. a3 Bxc3+ 7. bxc3 Nc6 8.
Rb1 d6 9. Ne2 e5 10. f3 Nh5 11. d5 Na5 12. e4 Qh4+ 13. g3 Qh3 14. Kf2 g6 15.
Ng1 Qd7 16. g4 Ng7 17. Ne2 f5 18. gxf5 gxf5 19. Qg1 fxe4 20. Bxe4 Qh3 21. Qg3
Qxg3+ 22. Nxg3 Bh3 23. Rg1 Kh8 24. Bh6 Rf7 25. Bxg7+ 1/2-1/2

[Event "44º Torneo Internacional de Ajedrez de La Roda"]
[Site "La Roda (Albacete) - ESPAÑA"]
[Date "2017.04.16"]
[Round "9"]
[Board "3"]
[White "Vorobiov, Evgeny E."]
[Black "Perez Candelario, Manuel"]
[Result "1/2-1/2"]
[WhiteElo "2584"]
[BlackElo "2576"]
[PlyCount "23"]
[EventDate "2017.04.12"]
[EventRounds "9"]
[EventCountry "ESP"]

1. d4 Nf6 2. c4 g6 3. g3 d6 4. Nc3 Bg7 5. Bg2 O-O 6. Nf3 Nbd7 7. O-O e5 8. e4
exd4 9. Nxd4 Re8 10. h3 Nc5 11. Re1 Bd7 12. Bf4 1/2-1/2

[Event "44º Torneo Internacional de Ajedrez de La Roda"]
[Site "La Roda (Albacete) - ESPAÑA"]
[Date "2017.04.16"]
[Round "9"]
[Board "4"]
[White "Forcen Esteban, Daniel"]
[Black "Ramiro Ovejero, Juan Luis"]
[Result "0-1"]
[WhiteElo "2530"]
[BlackElo "2398"]
[PlyCount "52"]
[EventDate "2017.04.12"]
[EventRounds "9"]
[EventCountry "ESP"]

1. Nf3 d6 2. c4 g6 3. Nc3 Bg7 4. g3 Nf6 5. Bg2 O-O 6. O-O c6 7. d4 Nbd7 8. b3
e5 9. Ba3 exd4 10. Nxd4 Nc5 11. Qd2 a5 12. Rad1 Qb6 13. h3 Re8 14. Qf4 Nfd7 15.
Qd2 Ne5 16. Qc2 a4 17. Bb2 axb3 18. axb3 h5 19. e3 Ned7 20. Ra1 Rxa1 21. Bxa1
Bxd4 22. exd4 Nxb3 23. Bb2 Nxd4 24. Qb1 Ne2+ 25. Nxe2 Rxe2 26. Ba3 Rxf2 0-1

[Event "44º Torneo Internacional de Ajedrez de La Roda"]
[Site "La Roda (Albacete) - ESPAÑA"]
[Date "2017.04.16"]
[Round "9"]
[Board "5"]
[White "Suarez Uriel, Adrian"]
[Black "Baklan, Vladimir"]
[Result "0-1"]
[WhiteElo "2411"]
[BlackElo "2600"]
[PlyCount "64"]
[EventDate "2017.04.12"]
[EventRounds "9"]
[EventCountry "ESP"]

1. e4 c5 2. Ne2 Nc6 3. Nbc3 d6 4. d4 cxd4 5. Nxd4 Nf6 6. Bc4 Bd7 7. O-O e6 8.
Bb3 Be7 9. Be3 O-O 10. f4 Nxd4 11. Bxd4 Bc6 12. Qe2 b5 13. Rae1 b4 14. Qc4 Qd7
15. Bxf6 Bxf6 16. Qxb4 a5 17. Qb6 a4 18. Bc4 a3 19. Qe3 axb2 20. e5 dxe5 21.
fxe5 Be7 22. Kh1 Qb7 23. Re2 Rac8 24. Bb3 Bc5 25. Qf4 Rfd8 26. Rb1 Rd4 27. Qf1
Qb4 28. Nd1 Rf4 29. Qe1 Bxg2+ 30. Kxg2 Qb7+ 31. Kh3 Qf3+ 32. Qg3 Qh5+ 0-1

[Event "44º Torneo Internacional de Ajedrez de La Roda"]
[Site "La Roda (Albacete) - ESPAÑA"]
[Date "2017.04.16"]
[Round "9"]
[Board "6"]
[White "Quintin Navarro, Alberto"]
[Black "Korneev, Oleg"]
[Result "1/2-1/2"]
[WhiteElo "2349"]
[BlackElo "2594"]
[PlyCount "28"]
[EventDate "2017.04.12"]
[EventRounds "9"]
[EventCountry "ESP"]

1. e4 c5 2. Nf3 e6 3. d4 cxd4 4. Nxd4 Nc6 5. Nc3 a6 6. Be3 Nf6 7. Be2 Bb4 8.
O-O Bxc3 9. bxc3 Qc7 10. Nxc6 bxc6 11. Bd3 c5 12. c4 Bb7 13. f3 h6 14. Qe1 e5
 1/2-1/2

[Event "44º Torneo Internacional de Ajedrez de La Roda"]
[Site "La Roda (Albacete) - ESPAÑA"]
[Date "2017.04.16"]
[Round "9"]
[Board "7"]
[White "Suarez Gomez, Julio"]
[Black "Guerra Rivera, Salvador"]
[Result "1/2-1/2"]
[WhiteElo "2460"]
[BlackElo "2358"]
[PlyCount "33"]
[EventDate "2017.04.12"]
[EventRounds "9"]
[EventCountry "ESP"]

1. d4 Nf6 2. Nf3 e6 3. c4 Bb4+ 4. Nbd2 Bxd2+ 5. Qxd2 O-O 6. e3 b6 7. Bd3 Bb7 8.
Qc2 d6 9. e4 Nc6 10. a3 e5 11. d5 Nb8 12. O-O a5 13. b3 Nbd7 14. Qb1 Nc5 15.
Bc2 c6 16. Re1 Qc7 17. Bg5 1/2-1/2

[Event "44º Torneo Internacional de Ajedrez de La Roda"]
[Site "La Roda (Albacete) - ESPAÑA"]
[Date "2017.04.16"]
[Round "9"]
[Board "9"]
[White "Garcia Martin, Marta"]
[Black "Antal, Gergely"]
[Result "0-1"]
[WhiteElo "2323"]
[BlackElo "2523"]
[PlyCount "84"]
[EventDate "2017.04.12"]
[EventRounds "9"]
[EventCountry "ESP"]

1. e4 c6 2. d4 d5 3. Nd2 dxe4 4. Nxe4 Bf5 5. Ng3 Bg6 6. h4 h6 7. Nf3 e6 8. Ne5
Bh7 9. Bd3 Bxd3 10. Qxd3 Nd7 11. f4 Be7 12. Bd2 Nxe5 13. fxe5 Bxh4 14. O-O-O
Bxg3 15. Qxg3 Ne7 16. Qxg7 Rg8 17. Qh7 Qd5 18. Bb4 Qxg2 19. Bxe7 Kxe7 20. Qxh6
Qg5+ 21. Qxg5+ Rxg5 22. Rh3 Rf5 23. Rb3 b6 24. Ra3 a5 25. Rb3 b5 26. a4 b4 27.
Rbd3 Rd8 28. c3 c5 29. cxb4 axb4 30. b3 Rd5 31. R1d2 Rf4 32. Rc2 Rf1+ 33. Kb2
cxd4 34. Rc7+ Kf8 35. Rc4 Rf2+ 36. Kc1 Rxe5 37. Rdxd4 Ree2 38. Rxb4 Ke7 39.
Rb7+ Kf6 40. Rbd7 Rc2+ 41. Kd1 Rb2 42. Ke1 Rh2 0-1

[Event "44º Torneo Internacional de Ajedrez de La Roda"]
[Site "La Roda (Albacete) - ESPAÑA"]
[Date "2017.04.16"]
[Round "9"]
[Board "10"]
[White "Burmakin, Vladimir"]
[Black "Cabezas Ayala, Ivan"]
[Result "1-0"]
[WhiteElo "2518"]
[BlackElo "2308"]
[PlyCount "133"]
[EventDate "2017.04.12"]
[EventRounds "9"]
[EventCountry "ESP"]

1. d4 Nf6 2. Nf3 g6 3. Bf4 Bg7 4. e3 O-O 5. Be2 c5 6. O-O b6 7. a4 Nc6 8. d5
Nb4 9. Nc3 Nh5 10. Bg5 h6 11. Bh4 g5 12. Nd2 gxh4 13. Bxh5 e6 14. Bf3 Rb8 15.
e4 Qg5 16. Re1 Ba6 17. a5 Rfe8 18. axb6 axb6 19. Na2 Nxa2 20. Rxa2 Ra8 21. e5
Bb7 22. Rxa8 Bxa8 23. Ne4 Qxe5 24. Nxc5 Qd6 25. Na4 b5 26. Nc3 b4 27. Na4 Qb8
28. b3 Bxd5 29. Bxd5 exd5 30. Rxe8+ Qxe8 31. h3 d6 32. Nb6 d4 33. Nc4 Qc6 34.
Nb2 Qc3 35. Nd3 Kf8 36. Kf1 Bf6 37. Ke2 Bg5 38. Ne1 Qc5 39. Nf3 Bf6 40. Qd3 Qd5
41. Kf1 Qa5 42. Ne1 Qa1 43. Ke2 Qa5 44. Qd2 Qb5+ 45. Nd3 Qh5+ 46. Kf1 Bd8 47.
Qe2 Qa5 48. Qe1 Qh5 49. Qe2 Qa5 50. Qd2 Qh5 51. Ne1 Qb5+ 52. Nd3 Qh5 53. Qxb4
Qd1+ 54. Ne1 Be7 55. Qb8+ Kg7 56. Qc8 h5 57. Qf5 Bd8 58. Qd3 Qa1 59. Ke2 Kg8
60. Nf3 Bf6 61. Ne1 Qa5 62. Qd1 Qe5+ 63. Kf1 Qh2 64. Qxh5 d3 65. Qg4+ Kf8 66.
Nxd3 Qh1+ 67. Ke2 1-0

[Event "44º Torneo Internacional de Ajedrez de La Roda"]
[Site "La Roda (Albacete) - ESPAÑA"]
[Date "2017.04.16"]
[Round "9"]
[Board "11"]
[White "Domingo Nunez, Alejandro"]
[Black "Shevchenko, Kirill"]
[Result "0-1"]
[WhiteElo "2268"]
[BlackElo "2491"]
[PlyCount "120"]
[EventDate "2017.04.12"]
[EventRounds "9"]
[EventCountry "ESP"]

1. e4 c5 2. Nf3 d6 3. d4 cxd4 4. Nxd4 Nf6 5. Nc3 a6 6. f3 e5 7. Nb3 Be6 8. Be3
h5 9. Qd2 Nbd7 10. Nd5 Bxd5 11. exd5 g6 12. Be2 Bg7 13. O-O O-O 14. Na5 Qc7 15.
h3 Rac8 16. c4 b6 17. Nc6 Nb8 18. Nb4 Rfe8 19. Rac1 a5 20. Nc2 Na6 21. Na3 Nc5
22. Nb5 Qe7 23. Rce1 Nh7 24. Bd1 f5 25. Bc2 h4 26. b3 Bf6 27. Kh1 Qf8 28. a3
Bd8 29. b4 Nd7 30. Bb3 f4 31. Bxf4 Ndf6 32. Bh6 Qe7 33. Qd3 Kf7 34. f4 e4 35.
Qd4 Bc7 36. Bc2 Nh5 37. Kg1 Qf6 38. Bg5 Qxd4+ 39. Nxd4 axb4 40. axb4 Ng3 41.
Rf2 Bd8 42. Ne6 Bf6 43. Bb3 Kg8 44. Ba4 Re7 45. Bb5 Nxg5 46. fxg5 Bc3 47. Re3
Rxe6 48. Rxc3 e3 49. dxe6 exf2+ 50. Kxf2 Ne4+ 51. Ke3 Nxc3 52. Bd7 Rxc4 53. Kd3
Re4 54. Kxc3 Kf8 55. Kb3 Ke7 56. Bc6 Rxe6 57. Kc4 Re5 58. Bd5 Rxg5 59. Bf3 Re5
60. b5 Rc5+ 0-1

[Event "44º Torneo Internacional de Ajedrez de La Roda"]
[Site "La Roda (Albacete) - ESPAÑA"]
[Date "2017.04.16"]
[Round "9"]
[Board "12"]
[White "Campora, Daniel H."]
[Black "Galiana Fernandez, Adrian"]
[Result "1-0"]
[WhiteElo "2439"]
[BlackElo "2250"]
[PlyCount "69"]
[EventDate "2017.04.12"]
[EventRounds "9"]
[EventCountry "ESP"]

1. e4 c5 2. Nf3 e6 3. d4 cxd4 4. Nxd4 Nf6 5. Nc3 d6 6. g3 Nc6 7. Bg2 Bd7 8. O-O
Be7 9. Re1 O-O 10. a4 Rc8 11. Ndb5 Ne8 12. Bf4 e5 13. Be3 a6 14. Na3 Nd4 15.
Nd5 Bxa4 16. Bxd4 exd4 17. Qxd4 Bc6 18. Nc4 Bxd5 19. Qxd5 Nf6 20. Qd3 Nd7 21.
Bh3 b5 22. Ne3 Ne5 23. Qe2 Rc6 24. Nd5 Bf6 25. c3 Re8 26. Nb4 Rb6 27. Red1 Nc4
28. Nd5 Rc6 29. f4 a5 30. b3 Nb6 31. Qxb5 Nxd5 32. Qxc6 Nxc3 33. Rxd6 Qb8 34.
e5 Ne2+ 35. Kh1 1-0

[Event "44º Torneo Internacional de Ajedrez de La Roda"]
[Site "La Roda (Albacete) - ESPAÑA"]
[Date "2017.04.16"]
[Round "9"]
[Board "13"]
[White "Lopez Mulet, Inigo"]
[Black "Iruzubieta Villaluenga, Jesus"]
[Result "1-0"]
[WhiteElo "2301"]
[BlackElo "2434"]
[PlyCount "37"]
[EventDate "2017.04.12"]
[EventRounds "9"]
[EventCountry "ESP"]

1. d4 d5 2. c4 c6 3. Nf3 Nf6 4. Nc3 dxc4 5. a4 Bf5 6. Nh4 Bd7 7. e4 e6 8. Bxc4
Nxe4 9. Nxe4 Qxh4 10. Qf3 Bb4+ 11. Kf1 Qd8 12. Qg3 Kf8 13. Bf4 Be8 14. Be5 f6
15. Qf4 Nd7 16. Bd6+ Bxd6 17. Nxd6 e5 18. Qg3 Qe7 19. Nf5 1-0

[Event "44º Torneo Internacional de Ajedrez de La Roda"]
[Site "La Roda (Albacete) - ESPAÑA"]
[Date "2017.04.16"]
[Round "9"]
[Board "14"]
[White "Pilgaard, Kim"]
[Black "Figuero Toro, Julian Francisco"]
[Result "1/2-1/2"]
[WhiteElo "2381"]
[BlackElo "2259"]
[PlyCount "62"]
[EventDate "2017.04.12"]
[EventRounds "9"]
[EventCountry "ESP"]

1. e4 e5 2. Nf3 Nc6 3. Bb5 a6 4. Ba4 Nf6 5. O-O Be7 6. Re1 b5 7. Bb3 d6 8. c3
O-O 9. h3 Nb8 10. d4 Nbd7 11. Nbd2 Bb7 12. Bc2 Re8 13. Nf1 Bf8 14. Ng3 g6 15.
b3 c5 16. d5 Nb6 17. Bg5 Be7 18. Be3 Rc8 19. Qe2 c4 20. b4 Ra8 21. a4 Qc7 22.
a5 Nbxd5 23. exd5 Nxd5 24. Qd2 Nxe3 25. Rxe3 Bf8 26. Re2 d5 27. Rae1 Bg7 28.
Nh2 Bc6 29. Nf3 Rad8 30. Rd1 d4 31. cxd4 exd4 1/2-1/2

[Event "44º Torneo Internacional de Ajedrez de La Roda"]
[Site "La Roda (Albacete) - ESPAÑA"]
[Date "2017.04.16"]
[Round "9"]
[Board "15"]
[White "Chueca Forcen, Alberto"]
[Black "Santos, Antonio P"]
[Result "1/2-1/2"]
[WhiteElo "2356"]
[BlackElo "2242"]
[PlyCount "135"]
[EventDate "2017.04.12"]
[EventRounds "9"]
[EventCountry "ESP"]

1. d4 d5 2. Bf4 Nf6 3. e3 g6 4. c3 Bg7 5. Nf3 O-O 6. Be2 c5 7. Nbd2 b6 8. O-O
Nc6 9. Ne5 Bb7 10. Qa4 Nxe5 11. Bxe5 Nd7 12. Bxg7 Kxg7 13. Nf3 a6 14. Rfd1 b5
15. Qc2 c4 16. Re1 Qc7 17. Nd2 f5 18. a4 Bc6 19. axb5 axb5 20. f4 e6 21. Nf3 h6
22. h3 Ra5 23. Rxa5 Qxa5 24. g4 Rb8 25. gxf5 gxf5 26. Kh1 b4 27. Rg1+ Kh7 28.
Nh4 bxc3 29. bxc3 Qa3 30. Qd2 Rb2 31. Qe1 Qf8 32. Qg3 Nf6 33. Bh5 Qg8 34. Qxg8+
Nxg8 35. Bf7 Nf6 36. Bxe6 Bd7 37. Bxd7 Nxd7 38. Nxf5 Nf6 39. Rg7+ Kh8 40. Rf7
Ne4 41. Nxh6 Nxc3 42. f5 Ne4 43. f6 Rb1+ 44. Kg2 Rb2+ 45. Kg1 Rb1+ 46. Kg2 Rb2+
47. Kf1 Rf2+ 48. Ke1 Rxf6 49. Rxf6 Nxf6 50. Ng4 Nxg4 51. hxg4 Kg7 52. Kd2 Kf6
53. Kc3 Kg5 54. e4 dxe4 55. d5 Kf6 56. Kxc4 Ke5 57. g5 e3 58. g6 e2 59. g7 e1=Q
60. g8=Q Qe2+ 61. Kc5 Qf2+ 62. Kc6 Qf6+ 63. Kb5 Kd6 64. Qg2 Qd4 65. Qg6+ Kxd5
66. Qc6+ Ke5 67. Qc5+ Qxc5+ 68. Kxc5 1/2-1/2

[Event "44º Torneo Internacional de Ajedrez de La Roda"]
[Site "La Roda (Albacete) - ESPAÑA"]
[Date "2017.04.16"]
[Round "9"]
[Board "16"]
[White "Rioboo De Larriva, Alvaro"]
[Black "Martin Duque, Jesus"]
[Result "1/2-1/2"]
[WhiteElo "2259"]
[BlackElo "2353"]
[PlyCount "30"]
[EventDate "2017.04.12"]
[EventRounds "9"]
[EventCountry "ESP"]

1. e4 Nf6 2. Nc3 d5 3. e5 Nfd7 4. f4 d4 5. Ne4 e6 6. Nf3 Nc6 7. g3 Nc5 8. Nf2
Be7 9. b3 a6 10. Bb2 b5 11. Bg2 Bb7 12. O-O Rb8 13. Qe2 O-O 14. d3 a5 15. f5
exf5 1/2-1/2

[Event "44º Torneo Internacional de Ajedrez de La Roda"]
[Site "La Roda (Albacete) - ESPAÑA"]
[Date "2017.04.16"]
[Round "9"]
[Board "17"]
[White "Esplugas Esteve, Vicenc"]
[Black "Serarols Mabras, Bernat"]
[Result "1-0"]
[WhiteElo "2342"]
[BlackElo "2246"]
[PlyCount "71"]
[EventDate "2017.04.12"]
[EventRounds "9"]
[EventCountry "ESP"]

1. d4 Nf6 2. c4 e6 3. Nc3 Bb4 4. Qc2 O-O 5. Nf3 c5 6. dxc5 Na6 7. g3 Nxc5 8.
Bg2 Nce4 9. O-O Nxc3 10. bxc3 Be7 11. e4 d6 12. e5 dxe5 13. Nxe5 Qc7 14. Qe2
Bd6 15. Re1 Ne8 16. a4 f6 17. Nf3 e5 18. a5 Be6 19. a6 Bxc4 20. axb7 Rb8 21.
Qc2 Bf7 22. Nd2 Bg6 23. Qa2+ Kh8 24. Qxa7 e4 25. Nxe4 Rxb7 26. Qa4 Be5 27. Nc5
Qxc5 28. Bxb7 Qxc3 29. Ba3 Nd6 30. Rac1 Qd2 31. Red1 Qa2 32. Bd5 Qe2 33. Bg2
Qa2 34. Qb4 Rd8 35. Qb6 Qxa3 36. Qxd8+ 1-0

[Event "44º Torneo Internacional de Ajedrez de La Roda"]
[Site "La Roda (Albacete) - ESPAÑA"]
[Date "2017.04.16"]
[Round "9"]
[Board "18"]
[White "Buendia Pinar, Alvaro"]
[Black "Nieves Cabanes, Jose Manuel"]
[Result "1/2-1/2"]
[WhiteElo "2335"]
[BlackElo "2206"]
[PlyCount "52"]
[EventDate "2017.04.12"]
[EventRounds "9"]
[EventCountry "ESP"]

1. d4 Nf6 2. c4 c5 3. d5 b5 4. a4 bxc4 5. Nc3 g6 6. e4 d6 7. Bxc4 Bg7 8. f4
Nfd7 9. a5 O-O 10. Nf3 Ba6 11. Qe2 Bxc4 12. Qxc4 Qc8 13. O-O Na6 14. Qe2 Nc7
15. e5 e6 16. dxe6 Nxe6 17. Nd5 Kh8 18. f5 gxf5 19. Ne7 Qb7 20. Nxf5 Nxe5 21.
Nxd6 Nxf3+ 22. Qxf3 Qxf3 23. Rxf3 Nd4 24. Rf1 f5 25. Kh1 Nb3 26. Rb1 Nxa5
 1/2-1/2

[Event "44º Torneo Internacional de Ajedrez de La Roda"]
[Site "La Roda (Albacete) - ESPAÑA"]
[Date "2017.04.16"]
[Round "9"]
[Board "19"]
[White "Garcia Porlan, Beatriz"]
[Black "Plazuelo Pascual, Juan"]
[Result "1/2-1/2"]
[WhiteElo "2108"]
[BlackElo "2319"]
[PlyCount "36"]
[EventDate "2017.04.12"]
[EventRounds "9"]
[EventCountry "ESP"]

1. e4 e6 2. d4 d5 3. Nc3 Nf6 4. Bg5 Bb4 5. e5 h6 6. Bd2 Bxc3 7. bxc3 Ne4 8. Qg4
Kf8 9. h4 c5 10. Qf4 Nxd2 11. Qxd2 Qa5 12. Nf3 Nc6 13. Bd3 b6 14. h5 Ba6 15.
O-O Rc8 16. Bxa6 Qxa6 17. Nh4 Qc4 18. f4 cxd4 1/2-1/2

[Event "44º Torneo Internacional de Ajedrez de La Roda"]
[Site "La Roda (Albacete) - ESPAÑA"]
[Date "2017.04.16"]
[Round "9"]
[Board "20"]
[White "Alshameary Puente, Ismael"]
[Black "Garrido Outon, Alex"]
[Result "1-0"]
[WhiteElo "2317"]
[BlackElo "2020"]
[PlyCount "67"]
[EventDate "2017.04.12"]
[EventRounds "9"]
[EventCountry "ESP"]

1. d4 Nf6 2. c4 c5 3. d5 e6 4. Nc3 exd5 5. cxd5 d6 6. e4 g6 7. f4 Bg7 8. Bb5+
Nfd7 9. Bd3 O-O 10. Nf3 Na6 11. O-O Re8 12. Kh1 Nb4 13. Be2 f5 14. exf5 gxf5
15. Bb5 Re7 16. a3 Na6 17. Bd3 Nf8 18. Qc2 Rf7 19. Bd2 h6 20. Ne2 Bd7 21. Ng3
Nc7 22. Bxf5 Nxd5 23. Rad1 Bxf5 24. Nxf5 Qf6 25. Nxg7 Rxg7 26. Qc4 Qf7 27. Ng5
hxg5 28. fxg5 b5 29. Qxb5 Qe6 30. Rde1 Qg4 31. Re8 Rxe8 32. Qxe8 Nf6 33. Rxf6
Qd1+ 34. Be1 1-0